| 000 | 00478nam a22001457a 4500 | ||
|---|---|---|---|
| 003 | 0 | ||
| 005 | 20230626091512.0 | ||
| 008 | 230626b xxu||||| |||| 00| 0 eng d | ||
| 050 |
_aQA 76.59 _b.Sa26 2022 |
||
| 245 |
_aCheapeats: a mobile application for the budget-conscious food customer _cSampang, Dustin D. |
||
| 260 |
_aLas PiƱas City _bSouthville International School and Colleges _cc2022 |
||
| 300 |
_ax, 86pp. _c28cm. |
||
| 500 | _aMobile application. | ||
| 942 |
_2lcc _cTH |
||
| 999 |
_c365095 _d365095 |
||